Jugendwörter seit 2008 - Statistiken

Allgemein
  • Dieses Quiz wurde 1.027 mal gespielt
  • Das Durchschnittsergebnis liegt bei 4 aus 15
Antwortstatistiken
Jahr Antwort % Korrekt
2012 YOLO
70%
2021 cringe
62%
2023 goofy
49%
2022 smash
39%
2015 Smombie
36%
2011 Swag
35%
2008 Gammelfleischparty
24%
2018 Ehrenmann / Ehrenfrau
23%
2017 I bims
21%
2020 lost
17%
2013 Babo
12%
2014 Läuft bei dir
10%
2016 fly sein
9%
2009 hartzen
7%
2010 Niveaulimbo
5%
Keine übereinstimmenden Quizze gefunden
Verteilung der Resultate
Anzahl Personen mit jedem Resultat
Perzentil nach korrekt beantworteten Fragen
Ihre Resultats-Entwicklung
Sie haben dieses Quiz noch nicht gespielt